000
00289nam a22001337a 4500
008
171228b xxu||||| |||| 00| 0 eng d
020
_a
683893001
041
_a
eng
080
_a
658
100
_a
54
101
_a
LID
245
_a
Charismatic Leadership
_c
Conger, J.A
942
_2
udc
_c
BK
999
_c
39520
_d
39520